О Московской битве и Великой Отечественной войне (Запись № 1214189)

Подробности
000 -МАРКЕР
контрольное поле 02082nam0a2200373 4500
001 - ИДЕНТИФИКАТОР ЗАПИСИ
контрольное поле RU\NLR\bibl\213072
005 - ИДЕНТИФИКАТОР ВЕРСИИ
контрольное поле 20260407064433.0
010 ## - МЕЖДУНАРОДНЫЙ СТАНДАРТНЫЙ НОМЕР КНИГИ (ISBN)
Номер (ISBN) 5-7228-0041-4
Тираж 500
021 ## - НОМЕР ГОСУДАРСТВЕННОЙ РЕГИСТРАЦИИ
Код страны Российская Федерация
Номер 97-28292
Номер Листа государственной регистраци 1169
035 ## - ДРУГИЕ СИСТЕМНЫЕ НОМЕРА
Идентификатор записи (NLR Aleph) 000209231
100 ## - ДАННЫЕ ОБЩЕЙ ОБРАБОТКИ
Данные общей обработки 20011214d1997 |||y0rusy50 ca
101 0# - ЯЗЫК РЕСУРСА
Язык текста, звукозаписи и т.д. русский
102 ## - СТРАНА ПУБЛИКАЦИИ ИЛИ ПРОИЗВОДСТВА
Страна публикации Российская Федерация
105 ## - ПОЛЕ КОДИРОВАННЫХ ДАННЫХ: ТЕКСТОВЫЕ МАТЕРИАЛЫ, МОНОГРАФИЧЕСКИЕ
Кодированные данные о монографическом текстовом документе y |||||||||
200 1# - ЗАГЛАВИЕ И СВЕДЕНИЯ ОБ ОТВЕТСТВЕННОСТИ
Основное заглавие О Московской битве и Великой Отечественной войне
Сведения, относящиеся к заглавию Воспоминания и ст.
Первые сведения об ответственности [Сост.: д.ист.н. А.Н. Пономарев, к.т.н. В.С. Хаблов
Последующие сведения об ответственности Редкол.: к.ист.н. М.М. Горинов и др.]
210 ## - ПУБЛИКАЦИЯ, РАСПРОСТРАНЕНИЕ И ДР.
Место издания, распространения и т.д. М.
Имя издателя, распространителя и т. д. Мосгосархив
Дата издания, распространения и т.д. 1997
215 ## - ФИЗИЧЕСКАЯ ХАРАКТЕРИСТИКА
Специфическое обозначение материала и объем 233,[1] с.
Размеры 21
225 1# - СЕРИЯ
Основное заглавие серии Воспоминания. Документы. Факты
225 1# - СЕРИЯ
Основное заглавие серии Труды Военно-научного общества при Центральном Доме Российской Армии
Сведения об ответственности Воен.-науч. о-во при Центр. доме Рос. Армии
320 ## - ПРИМЕЧАНИЯ О НАЛИЧИИ В ДОКУМЕНТЕ БИБЛИОГРАФИИ / УКАЗАТЕЛЯ
Текст примечания Библиогр. в подстроч. прим.
606 0# - НАИМЕНОВАНИЕ ТЕМЫ КАК ПРЕДМЕТ
Наименование темы Великая Отечественная война
Формальный подзаголовок Воспоминания, записки и т.п.
Тематический подзаголовок Разгром немцев под Москвой
Хронологический подзаголовок 1941 - 1945
-- 1941 - 1942
Системный номер авторитетной/нормативной записи 1226336
Идентификатор авторитетной/нормативной записи RU\NLR\auth\66181452
606 0# - НАИМЕНОВАНИЕ ТЕМЫ КАК ПРЕДМЕТ
Наименование темы Битва под Москвой
Формальный подзаголовок Воспоминания, записки и т.п.
Хронологический подзаголовок 1941 - 1942
Системный номер авторитетной/нормативной записи 2195999
Идентификатор авторитетной/нормативной записи RU\NLR\auth\661319820
686 ## - ИНДЕКСЫ ДРУГИХ КЛАССИФИКАЦИЙ
Индекс Ц35(2)722.221,013
686 ## - ИНДЕКСЫ ДРУГИХ КЛАССИФИКАЦИЙ
Индекс Т3(2)722.111.9,013
702 #1 - ИМЯ ЛИЦА - ВТОРИЧНАЯ ОТВЕТСТВЕННОСТЬ
Начальный элемент ввода Пономарев
Часть имени, кроме начального элемента ввода А. Н.
Код отношения Составитель
702 #1 - ИМЯ ЛИЦА - ВТОРИЧНАЯ ОТВЕТСТВЕННОСТЬ
Код отношения Автор
Материалы, к которым относится поле rus
Графика поля Кириллица
Начальный элемент ввода Горинов
Часть имени, кроме начального элемента ввода М. М.
Даты 1959-
Расширение инициалов личного имени Михаил Михайлович
Идентификатор авторитетной/нормативной записи RU\NLR\auth\7714620
Системный номер авторитетной/нормативной записи 124292
711 02 - НАИМЕНОВАНИЕ ОРГАНИЗАЦИИ - АЛЬТЕРНАТИВНАЯ ОТВЕТСТВЕННОСТЬ
Начальный элемент ввода Центральный дом Российской армии им. М. В. Фрунзе
Идентифицирующий признак Москва
Структурное подразделение Военно-научное общество
Идентификатор авторитетной/нормативной записи RU\NLR\AUTH\889927123
Системный номер авторитетной/нормативной записи 349915
801 #0 - ИСТОЧНИК ЗАПИСИ
Страна Российская Федерация
Организация NLR
Дата составления 20011214
Правила каталогизации PSBO
801 #1 - ИСТОЧНИК ЗАПИСИ
Страна Российская Федерация
Организация NLR
Дата составления 20011214
852 ## - МЕСТОНАХОЖДЕНИЕ И ШИФР ХРАНЕНИЯ
Идентификатор организации NLR
Шифр хранения (Call Number) 2000-5/2575
942 ## - ДОПОЛНИТЕЛЬНЫЕ ЭЛЕМЕНТЫ ЗАПИСИ (АБИС)
Тип экземпляра АБИС Книга
980 ## - КОЛЛЕКЦИЯ
Название коллекции Национальная библиография
Экземпляры
Тип экземпляра Дата поступления Библиотека постоянного хранения Библиотека текущего хранения Место хранения Шифр хранения Штрих-код Статус экземпляра
Книга 26.10.2013 РНБ (Московский) РНБ (Московский) Русский книжный фонд: издания с 1957 года 2000-5/2575 209231-10